000 00505nam a2200157Ia 4500
999 _c19087
_d19087
003 OSt
005 20200609143439.0
008 190216s9999||||xx |||||||||||||| ||und||
040 _coclc
082 _a354.54035
_bGAN/Y
100 _aGandhi, Indira
_92693
245 4 _aThe Years Of Challenge :
_bSelected Speeches Of Indira Gandhi /
_cIndira Gandhi
260 _bPublications Division,
_c1971.
_aNew Delhi:
300 _a497p
942 _cBK
_2ddc
_h354.54035
_iGAN/Y
_k354.54035
_mGAN/Y